000 00808nam a2200265Ia 4500
003 OSt
005 20221005025405.0
006 a|||||r|||| 00| 0
007 ta
008 221004b |||||||| |||| 00| 0 eng d
020 _a81 7046 282 7 (hbk)
_c550
024 _a94585
037 _bDU65, 17/03/2009, Independent Publishers Group
_cTextual
040 _aCRL
_cCRL
_beng
041 _2eng
_aeng
082 _aNQN04, P6
100 _aSubramanyan K. G.
245 0 _aChitrakar
_b The artist Benodebehari Mukherjee
260 _aCalcutta
_bSeagull Books India
_c2006
300 _axviii, 196p.
_ccm.
650 _a PAINTING
_934359
650 _aARTS
942 _hNQN04, P6
_cTEXL
_2cc
999 _c934625
_d934625